Philemon among the letters of Paul; a new view of its place and importance. (Record no. 38494)

MARC details
000 -LEADER
fixed length control field 00659nam a22001697a 4500
008 - FIXED-LENGTH DATA ELEMENTS--GENERAL INFORMATION
fixed length control field 110525t xxu||||| |||| 00| 0 eng d
050 ## - LIBRARY OF CONGRESS CALL NUMBER
Classification number BS2765
Item number .K66 1935
100 ## - MAIN ENTRY--PERSONAL NAME
Personal name Knox, John
245 ## - TITLE STATEMENT
Title Philemon among the letters of Paul; a new view of its place and importance.
Statement of responsibility, etc by John Knox
250 ## - EDITION STATEMENT
Edition statement Rev. ed
260 ## - PUBLICATION, DISTRIBUTION, ETC. (IMPRINT)
Place of publication, distribution, etc New York
Name of publisher, distributor, etc Abingdon
Date of publication, distribution, etc ©1959
300 ## - PHYSICAL DESCRIPTION
Extent 110 p. ;
Dimensions 20 cm.
650 ## - SUBJECT ADDED ENTRY--TOPICAL TERM
Source of heading or term Bible
Topical term or geographic name as entry element N.T
Form subdivision Philemon
General subdivision Introductions
650 ## - SUBJECT ADDED ENTRY--TOPICAL TERM
Topical term or geographic name as entry element Paul
Form subdivision (de Tarse ; saint)
General subdivision ''Bible. NT. Philémon"
942 ## - ADDED ENTRY ELEMENTS (KOHA)
Source of classification or shelving scheme Library of Congress Classification
Item type Book
Holdings
Withdrawn status Lost status Source of classification or shelving scheme Damaged status Not for loan Collection code Home library Current library Shelving location Date acquired Source of acquisition Full call number Barcode Copy number Price effective from Koha item type Public note
Withdrawn   Library of Congress Classification     Non-fiction Bishop Okullu Memorial Library (Limuru Campus) Bishop Okullu Memorial Library (Limuru Campus) General Circulation 25/05/2011 purchase BS2765 .K66 1935 025712 1 25/05/2011 Book Never Borrowed